Maresme / [coordinador: Xavier Agustí ; textes i fotos: Adela Genís ... [et al.] Xavier Agustí ; textes i fotos:
Descripción Física:
303 p. : il. ; 22 cm
Materias:
Maresme
MARC
| LEADER | 00000nam a2200000Ia 4500 | ||
|---|---|---|---|
| 001 | 17925 | ||
| 008 | 160829s2003 xx 000 0 cat d | ||
| 080 | |a O-1-133 | ||
| 245 | |a Maresme / [coordinador: |b Xavier Agustí ; textes i fotos: |b Adela Genís ... [et al.] | ||
| 260 | |a Barcelona : |b El Llibre del 'Any 2002. Maresme, |c 2003 | ||
| 300 | |a 303 p. : |b il. ; |c 22 cm | ||
| 590 | |a A la coberta: any 2002 : l'any dels ensurts al Maresme | ||
| 651 | 0 | |a Maresme |9 50634 | |
| 700 | 1 | |a Agustí, Xavier |9 26360 | |
| 700 | 1 | |a Genís, Adela |9 26361 | |
| 710 | 1 | |a Barcelona (Catalunya : Província). |b Diputació |9 52408 | |
| 901 | |a Arxiu | ||
| 942 | |n 1 | ||
| 952 | |0 0 |1 0 |4 0 |6 O1133 |7 1 |9 43966 |a Arxiu |b Arxiu |d 2016-12-01 |l 0 |o O-1-133 |p 17925 |r 2016-12-01 00:00:00 |w 2016-12-01 |y ARXIU | ||
| 999 | |c 46546 |d 46546 | ||